header

Fundamentals of reference (Record no. 215509)

MARC details
000 -LEADER
fixed length control field 01429nam a2200349 a 4500
082 04 - DEWEY DECIMAL CLASSIFICATION NUMBER
Classification number 025.5/20973
100 1# - MAIN ENTRY--AUTHOR NAME
Personal name Mulac, Carolyn.
245 10 - TITLE STATEMENT
Title Fundamentals of reference
260 ## - PUBLICATION, DISTRIBUTION, ETC. (IMPRINT)
Place of publication Chicago, Ill. :
Name of publisher American Library Association,
Year of publication c2012.
300 ## - PHYSICAL DESCRIPTION
Number of Pages 1 online resource (xii, 131 p.).
650 #0 - SUBJECT ADDED ENTRY--TOPICAL TERM
Topical Term Reference services (Libraries)
Topical Term Reference sources
Topical Term Internet in library reference services.
856 40 - ELECTRONIC LOCATION AND ACCESS
Uniform Resource Identifier http://site.ebrary.com/lib/rucke/Doc?id=10751703
588 ## -
-- Description based on online resource; title from title page (ebrary, viewed September 10, 2013).

No items available.

© 2026 Rongo University
Contact us: librarian | system librarian | Rongo university